Mots de la langue française terminés par "cevoir" - Statistiques

Statistiques générales
  • Ce quiz a été pris 235 fois
  • Le résultat moyen est 4 sur 8
Statistiques - réponses
Indice Mot % Correct
distinguer plus ou moins bien apercevoir
88%
obtenir recevoir
80%
sentir percevoir
73%
tromper décevoir
69%
envisager concevoir
49%
refus absolu non-recevoir
28%
voir à peine, de manière fugitive entrapercevoir
16%
envisager par avance préconcevoir
3%
Aucun quiz correspondant
Distribution des résultats
% des personnes avec chaque résultat
Percentile par nombre de réponses
Votre historique - résultats
Vous n’avez pas pris ce quiz